000 01627cam a2200421 a 4500
999 _c864
_d864
001 000033765737
003 CaOOAMICUS
005 20210621110336.0
008 080115t20082009onca b 001 0 eng
016 _a20089004094
020 _a9780176105358 :
035 _a(Sirsi) a2563145
040 _aCaOONL
_beng
_cCaOONL
_dCaOONL
043 _an-cn---
050 _aHG4026
_b.L38 2009
055 0 1 _aHG4026
055 0 _aHG4026
_bL38 2008
082 0 _a658.15
_222
090 _a658.15 LAS
090 _a658.15 L13 2009
100 1 _aLasher, William.
245 1 0 _aPractical financial management /
_cWilliam R. Lasher, Peggy L. Hedges, T.J. (Terry) Fegarty.
250 _aSecond Canadian edition
260 _aToronto :
_bNelson Education,
_c[2008], c2009.
300 _axxii, 788 pages :
_bcolor illustrations ;
_c26 cm.
336 _atext
_btxt
_2rdacontent
337 _aunmediated
_bn
_2rdamedia
338 _avolume
_bnc
_2rdacarrier
504 _aIncludes bibliographical references and index.
650 0 _aBusiness enterprises
_xFinance
_vTextbooks.
650 0 _aCorporations
_xFinance
_vTextbooks.
700 1 _aHedges, Peggy L.,
_d1958-
700 1 _aFegarty, Terry J.,
_d1943-
770 0 _aMcDougald, John (John A.)
_tStudy guide for use with Practical financial management, second Canadian edition.
_dToronto : Nelson Education, c2009.
_w(CaOONL)20080165788
770 0 _aLasher, William.
_tInstructor's resource CD to accompany Practical financial management.
_bSecond Canadian ed.
_d[Toronto] : Nelson Education, c2009 [i.e. 2008].
_w(CaOONL)20080131328
910 _aCanadian
942 _2lcc
_cBK
_nSO